Os segredos do Baú : (Registro nro. 43902)
[ vista simple ]
| 000 -CABECERA | |
|---|---|
| campo de control de longitud fija | 00542nam a2200169 a 4500 |
| 001 - NÚMERO DE CONTROL | |
| campo de control | 000044413 |
| 005 - FECHA Y HORA DE LA ÚLTIMA TRANSACCIÓN | |
| campo de control | 20201002045345.0 |
| 008 - DATOS DE LONGITUD FIJA--INFORMACIÓN GENERAL | |
| campo de control de longitud fija | 140630s2007 dr 000 0 spa d |
| 020 ## - NÚMERO INTERNACIONAL ESTÁNDAR DEL LIBRO | |
| Número Internacional Estándar del Libro | 9788575960851 |
| 040 ## - FUENTE DE LA CATALOGACIÓN | |
| Centro catalogador/agencia de origen | DO-SdBNP |
| Lengua de catalogación | spa |
| Centro/agencia transcriptor | BNPHU |
| 041 17 - CÓDIGO DE LENGUA | |
| Código de lengua del texto/banda sonora o título independiente | port. |
| 100 1# - ENTRADA PRINCIPAL--NOMBRE DE PERSONA | |
| Nombre de persona | Da silva, Deonísio |
| 9 (RLIN) | 72427 |
| 245 10 - MENCIÓN DE TÍTULO | |
| Título | Os segredos do Baú : |
| Resto del título | e outos Contos, antología de prosa / |
| Mención de responsabilidad, etc. | Deonísio Da silva ; editora Reneta Borge. |
| 260 ## - PUBLICACIÓN, DISTRIBUCIÓN, ETC. | |
| Lugar de publicación, distribución, etc. | Sao Paulo : |
| Nombre del editor, distribuidor, etc. | Peirópolis, |
| Fecha de publicación, distribución, etc. | 2007. |
| 300 ## - DESCRIPCIÓN FÍSICA | |
| Extensión | 97 p. : |
| Otras características físicas | il. ; |
| Dimensiones | 25 cm. |
| 700 12 - PUNTO DE ACCESO ADICIONAL--NOMBRE DE PERSONA | |
| Nombre de persona | Borge, Renata |
| Término indicativo de función/relación | ed. |
| 9 (RLIN) | 72428 |
| Estado de retiro | Estado de pérdida | No para préstamo | Código de colección | Localización permanente | Ubicación/localización actual | Ubicación en estantería | Fecha de adquisición | Número de inventario | Total de préstamos | Signatura topográfica completa | Código de barras | Fecha visto por última vez | Precio válido a partir de | Tipo de ítem Koha |
|---|---|---|---|---|---|---|---|---|---|---|---|---|---|---|
| Excluido de préstamo | Patrimonio Dominicano | General | General | En catalogación | 30.06.2014 | LF1 | 44413-10 | 25.06.2020 | 25.06.2020 | Libro y Folleto Colección Patrimonio Dominicano |
